| 000 | 01078nam a2200313 i 4500 | ||
|---|---|---|---|
| 001 | 000046090 | ||
| 003 | DO-SdBNP | ||
| 005 | 20260501120357.0 | ||
| 007 | ta | ||
| 008 | 150618s2004 dr 000 0 spa d | ||
| 020 | _a9993429244 | ||
| 040 |
_aDO-SdBNP _bspa _cBNPHU _erda |
||
| 041 | _aspa | ||
| 082 | 4 |
_a305.897293 _bC697t 2004 _222 |
|
| 100 | 1 |
_aCollado, Lipe, _d1947- _eautor _4aut. _979819 |
|
| 245 | 1 | 3 |
_aEl tíguere dominicano : _bhacia una aproximación de como es el dominicano / _cLipe Collado. |
| 250 | _acuarta edición corregida y ampliada. | ||
| 264 | 4 |
_aSanto Domingo : _bEditora Collado, _c©2004. |
|
| 300 |
_a192 páginas ; _c21 cm. |
||
| 336 |
_atexto _btxt _2rdacontent |
||
| 337 |
_asin mediación _bn _2rdamedia |
||
| 338 |
_avolumen _bnc _2rdacarrier |
||
| 504 | _aBibliografía : páginas 191-192 | ||
| 590 | _aInventariado, 2019/ YL | ||
| 650 | 7 |
_aCaracterísticas nacionales dominicanas _2LIBRUNAM _96408 |
|
| 650 | 7 |
_aPsicología social _zRepública Dominicana _2LIBRUNAM _91574 |
|
| 910 | _aValidado. Control de calidad MFF | ||
| 942 |
_2ddc _cMTLS |
||
| 999 |
_c45579 _d45579 |
||